00349nam a2200133 a 45000010010000000030011000100080041000210350026000620820014000881000020001022450027001222600047001496500019001960000-9242ELIB.Books110520 1943  a(ELIB.Books)0000-9394 a248 bSma aSmart, James D. aWhat a man can Believe bPhiladelphia; The Westminster Press c1943 aChristian Life